Textbook of applied physics Vol.2 (Record no. 221858)

MARC details
000 -LEADER
fixed length control field 01229nam a22002177a 4500
005 - DATE AND TIME OF LATEST TRANSACTION
control field 20220427082646.0
008 - FIXED-LENGTH DATA ELEMENTS--GENERAL INFORMATION
fixed length control field 220314b ||||| |||| 00| 0 eng d
020 ## - INTERNATIONAL STANDARD BOOK NUMBER
International Standard Book Number 9789389520453
040 ## - CATALOGING SOURCE
Transcribing agency AL
041 ## - LANGUAGE CODE
Language code of text/sound track or separate title eng
082 ## - DEWEY DECIMAL CLASSIFICATION NUMBER
Edition number 23
Classification number 621
Item number JHAT
100 ## - MAIN ENTRY--PERSONAL NAME
Personal name A K Jha
9 (RLIN) 23569
245 ## - TITLE STATEMENT
Title Textbook of applied physics Vol.2
250 ## - EDITION STATEMENT
Edition statement 2nd ed.
260 ## - PUBLICATION, DISTRIBUTION, ETC.
Place of publication, distribution, etc. New Delhi
Name of publisher, distributor, etc. International Pvt Ltd.
Date of publication, distribution, etc. 2019
300 ## - PHYSICAL DESCRIPTION
Extent x,400p.
Other physical details PB
Dimensions 24x17cm.
365 ## - TRADE PRICE
Source of price type code General
Price type code 6286
Price amount ₹364.00
Currency code
Unit of pricing ₹455.00
Price note 20%
Price effective from 07-02-2022
520 ## - SUMMARY, ETC.
Summary, etc. This book is meant to serve as a textbook of Physics for the undergraduate students of science and engineering. Exhausted treatment of topics in quantum mechanics, statistical mechanics, nuclear physics, electromagnetic theory, X-rays production, properties and applications and ultrasonic and acoustics of buildings have been presented. These topics have been presented in easy to understand and simple language. Large number of solved numerical have been included to give a quantitative idea of the subject. Short and long answer type questions and unsolved numericals have been given at the end of each chapter for practice.<br/>
650 ## - SUBJECT ADDED ENTRY--TOPICAL TERM
Source of heading or term Physics
Topical term or geographic name entry element Applied Physics
9 (RLIN) 23570
942 ## - ADDED ENTRY ELEMENTS (KOHA)
Source of classification or shelving scheme Dewey Decimal Classification
Koha item type Book
Holdings
Withdrawn status Lost status Source of classification or shelving scheme Damaged status Not for loan Collection code Home library Current library Date acquired Source of acquisition Cost, normal purchase price Total Checkouts Full call number Barcode Date last seen Cost, replacement price Price effective from Koha item type
    Dewey Decimal Classification     Physics St Aloysius PG Library St Aloysius PG Library 03/08/2022 Biblios Book Point 364.00   621 JHAT PG023765 08/24/2022 455.00 03/07/2022 Book